[Event "24th European Teams"]
[Site "Budva MNE"]
[Date "2023.11.11"]
[EventDate "2023.11.11"]
[Round "1.2"]
[Result "1/2-1/2"]
[White "Denis Kadric"]
[Black "Haik M Martirosyan"]
[WhiteElo "2584"]
[BlackElo "2708"]
[PlyCount "62"]

1. e4 e5 2. Nf3 Nc6 3. Bc4 Bc5 4. O-O Nf6 5. d3 O-O 6. Re1 Ng4 7. Re2 Kh8
8. h3 f5 9. Bg5 Nf6 10. exf5 Nd4 11. Nxd4 exd4 12. Bd5 c6 13. Bf3 d5 14. g4
g6 15. fxg6 Rg8 16. Bxf6+ Qxf6 17. gxh7 Kxh7 18. Nd2 Bd6 19. Bg2 Bd7 20.
Nf1 Raf8 21. Ng3 Qh4 22. Qd2 Bxg4 23. hxg4 Rxg4 24. Rae1 Rxg3 25. fxg3 Bxg3
26. Bxd5 cxd5 27. Rh2 Bxh2+ 28. Qxh2 Qxh2+ 29. Kxh2 Rf2+ 30. Kg3 Rxc2 31.
Re7+ 1/2-1/2

[Event "24th European Teams"]
[Site "Budva MNE"]
[Date "2023.11.11"]
[EventDate "2023.11.11"]
[Round "1.2"]
[Result "1-0"]
[White "Gabriel Sargissian"]
[Black "Nikola Djukic"]
[WhiteElo "2686"]
[BlackElo "2518"]
[PlyCount "62"]

1. Nf3 c5 2. c4 Nc6 3. Nc3 e5 4. e3 Nf6 5. d4 e4 6. d5 exf3 7. dxc6 dxc6 8.
Qxd8+ Kxd8 9. gxf3 g6 10. b3 Bg7 11. Bb2 b6 12. O-O-O+ Kc7 13. h4 Bf5 14.
Ne2 h5 15. Ng3 Be6 16. Be5+ Kb7 17. f4 Ne8 18. Bh3 Bxh3 19. Rxh3 Kc8 20.
Ne4 Rg8 21. Nd6+ Nxd6 22. Rxd6 Kb7 23. Rd7+ Ka6 24. Rxf7 Bxe5 25. fxe5 g5
26. hxg5 Rxg5 27. e6 Re5 28. e7 Re8 29. Kd2 Ka5 30. a3 b5 31. f4 1-0

[Event "24th European Teams"]
[Site "Budva MNE"]
[Date "2023.11.11"]
[EventDate "2023.11.11"]
[Round "1.2"]
[Result "1/2-1/2"]
[White "Nikita Petrov"]
[Black "Shant Sargsyan"]
[WhiteElo "2567"]
[BlackElo "2625"]
[PlyCount "40"]

1. d4 Nf6 2. c4 e6 3. Nc3 d5 4. cxd5 exd5 5. Bg5 c6 6. e3 h6 7. Bh4 Be7 8.
Bd3 O-O 9. Bg3 Re8 10. Nf3 Bg4 11. h3 Bxf3 12. Qxf3 Bd6 13. Bh4 Nbd7 14.
O-O Be7 15. Bg3 Nf8 16. Be5 N6d7 17. Bh2 Nf6 18. Be5 N6d7 19. Bh2 Nf6 20.
Be5 1/2-1/2

[Event "24th European Teams"]
[Site "Budva MNE"]
[Date "2023.11.11"]
[EventDate "2023.11.11"]
[Round "1.2"]
[Result "1/2-1/2"]
[White "Ter-Sahakyan, Samvel"]
[Black "Luka Draskovic"]
[WhiteElo "2618"]
[BlackElo "2476"]
[PlyCount "94"]

1. e4 c5 2. Nf3 d6 3. d4 cxd4 4. Nxd4 Nf6 5. Nc3 Nc6 6. Bg5 Bd7 7. Qd2 a6
8. O-O-O e6 9. Kb1 Nxd4 10. Qxd4 Be7 11. f3 Qc7 12. Qd2 b5 13. g4 h5 14.
gxh5 Nxh5 15. Rg1 Bc6 16. Ne2 Nf6 17. Nd4 Bb7 18. h4 g6 19. Bh3 e5 20. Ne2
Rd8 21. Ng3 Nh5 22. Nxh5 Rxh5 23. Bg4 Rh8 24. Qf2 Bxg5 25. hxg5 Ke7 26. Rd3
Qc5 27. Qg3 b4 28. Rc1 a5 29. c3 b3 30. axb3 Qb5 31. c4 Qc5 32. Qg1 Bc6 33.
Rcd1 Rhf8 34. Qe3 Rh8 35. Qd2 Rh4 36. Ka1 Rhh8 37. Qc3 Rh4 38. Ka2 Rh2 39.
Ka1 Rf2 40. Ka2 Rg2 41. Ka1 Rf2 42. Qe1 Rc2 43. Kb1 Rg2 44. Qh1 Re2 45. Qf1
Rf2 46. Qe1 Rg2 47. Qf1 1/2-1/2

[Event "24th European Teams"]
[Site "Budva MNE"]
[Date "2023.11.11"]
[EventDate "2023.11.11"]
[Round "1.3"]
[Result "1-0"]
[White "Magnus Carlsen"]
[Black "Jergus Pechac"]
[WhiteElo "2829"]
[BlackElo "2580"]
[PlyCount "72"]

1. e4 e5 2. Nf3 Nc6 3. Bb5 Nf6 4. d4 Nxd4 5. Nxd4 c6 6. Bc4 exd4 7. Qxd4
Qb6 8. Qe5+ Be7 9. O-O d6 10. Qg3 O-O 11. Nc3 Be6 12. Bxe6 fxe6 13. e5 Ne8
14. Qg4 Rf5 15. exd6 Bxd6 16. Qc4 Nc7 17. Ne4 Be5 18. a4 Nd5 19. c3 a5 20.
g3 h6 21. Bd2 Re8 22. Rae1 Bb8 23. Re2 Qxb2 24. Bxh6 Qa3 25. Be3 Nxe3 26.
Rxe3 Qe7 27. h4 Qd7 28. Ng5 Ba7 29. Rd3 Rd5 30. Rf3 Rf8 31. Rxf8+ Kxf8 32.
Qe4 Ke7 33. Qg6 Kd8 34. Nxe6+ Kc8 35. Nxg7 Re5 36. Qf6 1-0

[Event "24th European Teams"]
[Site "Budva MNE"]
[Date "2023.11.11"]
[EventDate "2023.11.11"]
[Round "1.3"]
[Result "1-0"]
[White "Viktor Gazik"]
[Black "Aryan Tari"]
[WhiteElo "2547"]
[BlackElo "2620"]
[PlyCount "118"]

1. e4 c5 2. Nf3 d6 3. d4 cxd4 4. Nxd4 Nf6 5. Nc3 Nc6 6. Bg5 e6 7. Qd2 a6 8.
O-O-O Bd7 9. f4 Be7 10. Nf3 b5 11. Bxf6 gxf6 12. Kb1 b4 13. Ne2 h5 14. f5
e5 15. Nc1 a5 16. Bc4 Qb6 17. Rhe1 Rc8 18. Bd5 Na7 19. Qe3 Qb8 20. Nd2 a4
21. Nc4 a3 22. b3 Nb5 23. Ne2 Bf8 24. c3 Bh6 25. Qh3 bxc3 26. Qxh5 Rh7 27.
Rd3 Ke7 28. Rf1 Qa7 29. Nxc3 Nxc3+ 30. Rxc3 Qd4 31. Rc2 Be8 32. Rd1 Qa7 33.
g3 Rc5 34. h4 Rh8 35. Rc3 Rc7 36. Qf3 Qc5 37. Rc2 Qa7 38. Nxa3 Rxc2 39.
Nxc2 Rg8 40. Kb2 Qc5 41. a3 Qb6 42. Bc4 Kf8 43. Qd3 Qf2 44. Qxd6+ Kg7 45.
a4 Be3 46. g4 Bc5 47. Qd5 Bd4+ 48. Kb1 Ba7 49. g5 Qxh4 50. g6 Rf8 51. gxf7
Bxf7 52. Qb7 Qh5 53. Rd7 Kh8 54. Bxf7 Qh1+ 55. Kb2 Rb8 56. Qxa7 Rxb3+ 57.
Kxb3 Qb1+ 58. Kc3 Qb3+ 59. Kxb3 1-0

[Event "24th European Teams"]
[Site "Budva MNE"]
[Date "2023.11.11"]
[EventDate "2023.11.11"]
[Round "1.3"]
[Result "1/2-1/2"]
[White "Elham Amar"]
[Black "Juraj Druska"]
[WhiteElo "2584"]
[BlackElo "2472"]
[PlyCount "106"]

1. e4 e5 2. Nf3 Nc6 3. Bb5 a6 4. Ba4 d6 5. O-O Bd7 6. c3 Nge7 7. d4 Ng6 8.
Re1 Be7 9. Be3 O-O 10. Nbd2 exd4 11. cxd4 d5 12. a3 dxe4 13. Nxe4 Bg4 14.
Bxc6 bxc6 15. h3 Bxf3 16. Qxf3 f5 17. Nc3 f4 18. Bd2 Qxd4 19. Rad1 Qb6 20.
Bc1 Rad8 21. Re6 Rxd1+ 22. Qxd1 Qc5 23. Qd3 Bd6 24. Qxa6 Kh8 25. Qa4 Qf5
26. Qe4 Qf7 27. Bd2 Rb8 28. b4 Nf8 29. Rxd6 cxd6 30. Qxc6 f3 31. b5 Ne6 32.
a4 fxg2 33. a5 Nd4 34. Qxd6 Nf3+ 35. Kxg2 Nh4+ 36. Kg1 Nf3+ 37. Kh1 Rc8 38.
b6 h6 39. a6 Nxd2 40. b7 Qf3+ 41. Kg1 Qxc3 42. bxc8=R+ Qxc8 43. a7 Nf3+ 44.
Kg2 Nh4+ 45. Kh2 Kh7 46. Qd3+ g6 47. Qa3 Qa8 48. Qe7+ Kg8 49. Qe6+ Kh7 50.
Qd7+ Kg8 51. Qe6+ Kh7 52. Qe7+ Kg8 53. Qe6+ 1/2-1/2

[Event "24th European Teams"]
[Site "Budva MNE"]
[Date "2023.11.11"]
[EventDate "2023.11.11"]
[Round "1.4"]
[Result "1/2-1/2"]
[White "Markus Ragger"]
[Black "Kirill Shevchenko"]
[WhiteElo "2615"]
[BlackElo "2665"]
[PlyCount "22"]

1. d4 Nf6 2. c4 g6 3. Nc3 Bg7 4. e4 d6 5. Nf3 O-O 6. Be2 e5 7. O-O h6 8.
Be3 Ng4 9. Bc1 Nf6 10. Be3 Ng4 11. Bc1 Nf6 1/2-1/2

[Event "24th European Teams"]
[Site "Budva MNE"]
[Date "2023.11.11"]
[EventDate "2023.11.11"]
[Round "1.4"]
[Result "1/2-1/2"]
[White "Liviu-Dieter Nisipeanu"]
[Black "Dominik Horvath"]
[WhiteElo "2591"]
[BlackElo "2549"]
[PlyCount "112"]

1. e4 e5 2. Nf3 Nc6 3. Bb5 Nf6 4. O-O Nxe4 5. d4 Nd6 6. Bxc6 dxc6 7. dxe5
Nf5 8. Qe2 Nd4 9. Nxd4 Qxd4 10. h3 Be6 11. Rd1 Qc4 12. Rd3 Rd8 13. b3 Qh4
14. Nc3 Rxd3 15. Qxd3 Be7 16. Ne2 Qh5 17. Bf4 O-O 18. Re1 Rd8 19. Qc3 Qf5
20. Bg3 Qe4 21. Nf4 Qb4 22. Qxb4 Bxb4 23. Nxe6 fxe6 24. Re3 Rd1+ 25. Kh2
Kf7 26. Rd3 Rxd3 27. cxd3 Bc5 28. Bh4 h6 29. g4 g5 30. Bg3 Kg6 31. Kg2 h5
32. Kf3 a6 33. Ke2 Bd4 34. Kf3 Bc5 35. Ke2 Bd4 36. f3 Kh6 37. f4 hxg4 38.
hxg4 gxf4 39. Bxf4+ Kg6 40. Kf3 Bc5 41. Bd2 Be7 42. Ba5 b6 43. Bd2 Bf8 44.
Kg2 Be7 45. Be1 Bg5 46. Kh3 Bf4 47. Bg3 Bh6 48. a4 Bf8 49. Kg2 Be7 50. Kf3
Kh6 51. Be1 Kg6 52. Kg3 Bf8 53. Kf3 Be7 54. Kg2 Bg5 55. Bg3 Be7 56. Kh3 Bf8
1/2-1/2

[Event "24th European Teams"]
[Site "Budva MNE"]
[Date "2023.11.11"]
[EventDate "2023.11.11"]
[Round "1.4"]
[Result "1/2-1/2"]
[White "Felix Blohberger"]
[Black "Constantin Lupulescu"]
[WhiteElo "2513"]
[BlackElo "2582"]
[PlyCount "74"]

1. d4 Nf6 2. c4 e6 3. Nf3 d5 4. g3 Bb4+ 5. Bd2 Be7 6. Bg2 c6 7. Qc2 Nbd7 8.
O-O O-O 9. Bf4 a5 10. h4 Nh5 11. Bg5 b6 12. Nbd2 Nhf6 13. e4 h6 14. Bxf6
Nxf6 15. e5 Nd7 16. cxd5 cxd5 17. Rfc1 Ba6 18. Bf1 Bxf1 19. Kxf1 Qc8 20.
Qd3 Qb7 21. Rc2 Rfc8 22. Rac1 Bd8 23. Qb5 Rxc2 24. Rxc2 Rc8 25. Rxc8 Qxc8
26. Kg2 Kf8 27. Nb1 Nb8 28. Qd3 Kg8 29. Nc3 Nc6 30. h5 Nb4 31. Qb5 Qc6 32.
Qe2 Qb7 33. a3 Nc6 34. Qb5 Kf8 35. Qd3 Kg8 36. Qb5 Kf8 37. Qd3 Kg8 1/2-1/2

[Event "24th European Teams"]
[Site "Budva MNE"]
[Date "2023.11.11"]
[EventDate "2023.11.11"]
[Round "1.5"]
[Result "1/2-1/2"]
[White "Rasmus Svane"]
[Black "Hillarp Persson, Tiger"]
[WhiteElo "2647"]
[BlackElo "2502"]
[PlyCount "124"]

1. d4 Nf6 2. c4 e6 3. Nf3 d5 4. Nc3 c6 5. e3 a6 6. b3 Bb4 7. Bd2 O-O 8. Bd3
Nbd7 9. Qc2 Qe7 10. O-O h6 11. Rad1 e5 12. dxe5 Nxe5 13. Nxe5 Qxe5 14. Nxd5
Nxd5 15. cxd5 Bxd2 16. Rxd2 cxd5 17. Qc5 Be6 18. Qb6 Rfb8 19. Rfd1 a5 20.
Be2 a4 21. Bf3 axb3 22. axb3 Qc3 23. h3 Ra6 24. Qd4 Qxb3 25. Qe5 Rd8 26.
Rb2 Qc4 27. Rxb7 Ra2 28. Rb2 Rxb2 29. Qxb2 Ra8 30. Qe5 Qc2 31. Rf1 Qd2 32.
Bg4 Bxg4 33. hxg4 Qd3 34. Rc1 Qe4 35. Qf5 g6 36. Qd7 Qe6 37. Qxe6 fxe6 38.
Rc7 Rf8 39. Re7 Rf6 40. f3 Kf8 41. Rh7 g5 42. Kf2 Kg8 43. Rd7 Rf7 44. Rd6
Re7 45. g3 Kf7 46. f4 Kf6 47. Kf3 Ra7 48. Rb6 Rg7 49. Ra6 Rg8 50. Ra7 Rb8
51. Ra6 Rg8 52. Rc6 Ra8 53. Rb6 Rg8 54. f5 Re8 55. e4 dxe4+ 56. Kxe4 Re7
57. Rd6 Re8 58. Rc6 Re7 59. Kd4 Re8 60. Rb6 Re7 61. Ke4 Re8 62. Rc6 1/2-1/2

[Event "24th European Teams"]
[Site "Budva MNE"]
[Date "2023.11.11"]
[EventDate "2023.11.11"]
[Round "1.5"]
[Result "1/2-1/2"]
[White "Hampus Sorensen"]
[Black "Matthias Bluebaum"]
[WhiteElo "2479"]
[BlackElo "2670"]
[PlyCount "114"]

1. d4 d5 2. c4 c6 3. Nf3 Nf6 4. Nbd2 Bf5 5. Nh4 Be6 6. e3 g5 7. Nhf3 g4 8.
Ne5 h5 9. b3 Nbd7 10. Bb2 Bg7 11. Nxd7 Qxd7 12. Bd3 Bf5 13. Qc2 Bxd3 14.
Qxd3 O-O-O 15. O-O-O Qe6 16. Kb1 Kb8 17. Rhe1 Rd7 18. cxd5 cxd5 19. Ba3 Rc8
20. Rc1 Rdc7 21. Rxc7 Rxc7 22. Rc1 Rxc1+ 23. Kxc1 h4 24. Kd1 Bh6 25. g3 Bg5
26. Qb5 b6 27. Ke1 Kb7 28. Qd3 a6 29. Bb4 Nh5 30. Kd1 f5 31. a4 Nf6 32. Ba3
Qd7 33. Qc2 e6 34. Qc3 Ne8 35. Qb4 hxg3 36. hxg3 Bd8 37. Qf8 Bc7 38. Qh8 b5
39. axb5 Qxb5 40. Qh7 Nf6 41. Qe7 Ne4 42. Nxe4 Qxb3+ 43. Kd2 fxe4 44. Bd6
Qd3+ 45. Ke1 Qc3+ 46. Kf1 a5 47. Kg2 Qc6 48. Bxc7 Qxc7 49. Qxe6 a4 50.
Qxd5+ Qc6 51. Qa5 Qa6 52. Qb4+ Kc6 53. Qc5+ Kd7 54. Qf5+ Qe6 55. Qb5+ Qc6
56. Qf5+ Qe6 57. Qb5+ Qc6 1/2-1/2

[Event "24th European Teams"]
[Site "Budva MNE"]
[Date "2023.11.11"]
[EventDate "2023.11.11"]
[Round "1.6"]
[Result "1/2-1/2"]
[White "Nikita Vitiugov"]
[Black "Mikheil Mchedlishvili"]
[WhiteElo "2712"]
[BlackElo "2564"]
[PlyCount "60"]

1. d4 d5 2. c4 e6 3. Nc3 Nf6 4. cxd5 Nxd5 5. e4 Nxc3 6. bxc3 c5 7. Rb1 Be7
8. Nf3 O-O 9. h4 b6 10. h5 h6 11. Rh3 Bb7 12. Bd3 cxd4 13. cxd4 Nc6 14. Rg3
Kh8 15. Kf1 Rc8 16. Be3 Re8 17. Kg1 Bf8 18. Bb5 Re7 19. d5 exd5 20. exd5
Ne5 21. Nxe5 Rxe5 22. Qg4 Rxd5 23. Bxh6 Qf6 24. Bg5 Qd4 25. Qxd4 Rxd4 26.
h6 Be4 27. Re1 Bg6 28. hxg7+ Bxg7 29. a4 Kg8 30. Be3 Re4 1/2-1/2

[Event "24th European Teams"]
[Site "Budva MNE"]
[Date "2023.11.11"]
[EventDate "2023.11.11"]
[Round "1.6"]
[Result "1/2-1/2"]
[White "Baadur Jobava"]
[Black "David W L Howell"]
[WhiteElo "2568"]
[BlackElo "2676"]
[PlyCount "72"]

1. e4 c6 2. c4 d5 3. exd5 Nf6 4. Nc3 cxd5 5. d4 g6 6. c5 Bg7 7. Bb5+ Bd7 8.
Bxd7+ Qxd7 9. Bf4 Nc6 10. Nf3 Ne4 11. Ne2 O-O 12. O-O b6 13. cxb6 Qb7 14.
bxa7 Qxb2 15. Qc1 Qb6 16. Bh6 Rfc8 17. Bxg7 Kxg7 18. Qe3 Qxa7 19. a3 Na5
20. Ne5 Nc4 21. Nxc4 Rxc4 22. f3 Nd6 23. Qe5+ Kg8 24. Qxd5 Rc2 25. Rfe1 Rb8
26. Ra2 e6 27. Qxd6 Rxa2 28. Nc3 Rd2 29. Kh1 Rbb2 30. Ne4 Qxd4 31. Qe7 Rd1
32. Nf6+ Kg7 33. Ne8+ Kg8 34. Nf6+ Kg7 35. Ne8+ Kg8 36. Nf6+ Kg7 1/2-1/2

[Event "24th European Teams"]
[Site "Budva MNE"]
[Date "2023.11.11"]
[EventDate "2023.11.11"]
[Round "1.7"]
[Result "1/2-1/2"]
[White "Anton Guijarro, David"]
[Black "Tomas Laurusas"]
[WhiteElo "2668"]
[BlackElo "2566"]
[PlyCount "96"]

1. e4 e5 2. Nf3 Nf6 3. Nxe5 d6 4. Nf3 Nxe4 5. d4 d5 6. Bd3 Nc6 7. O-O Be7
8. Nbd2 Bf5 9. Re1 Nxd2 10. Qxd2 Bxd3 11. Qxd3 O-O 12. c3 Qd7 13. Bf4 a6
14. Re2 Rae8 15. Rae1 Bd8 16. h4 Rxe2 17. Rxe2 h6 18. Qe3 Qf5 19. Bg3 f6
20. Ne1 b6 21. b4 g5 22. a4 Kg7 23. Kf1 Na7 24. Qd2 Nc8 25. Qd3 Qxd3 26.
Nxd3 Kf7 27. Ra2 gxh4 28. Bxh4 Nd6 29. a5 bxa5 30. Rxa5 Nb5 31. Rxa6 Nxc3
32. Rc6 Nb5 33. Rc5 Nxd4 34. Rxd5 Ne6 35. f4 Be7 36. f5 Ng7 37. g4 Rd8 38.
Rxd8 Bxd8 39. Ke2 h5 40. Kf3 hxg4+ 41. Kxg4 c6 42. Bf2 Ne8 43. Bc5 Be7 44.
Nf4 Nc7 45. Kf3 Na6 46. Nd3 Nc7 47. Nf4 Na6 48. Nd3 Nc7 1/2-1/2

[Event "24th European Teams"]
[Site "Budva MNE"]
[Date "2023.11.11"]
[EventDate "2023.11.11"]
[Round "1.7"]
[Result "1/2-1/2"]
[White "Valery Kazakouski"]
[Black "Santos Latasa, Jaime"]
[WhiteElo "2577"]
[BlackElo "2635"]
[PlyCount "120"]

1. e4 e5 2. Nf3 Nc6 3. Bb5 a6 4. Ba4 Nf6 5. O-O Nxe4 6. d4 b5 7. Bb3 d5 8.
dxe5 Be6 9. c3 Bc5 10. Nbd2 O-O 11. Bc2 Nxf2 12. Rxf2 Bxf2+ 13. Kxf2 f6 14.
Nf1 fxe5 15. Kg1 Bg4 16. Ne3 Be6 17. b3 d4 18. cxd4 Nxd4 19. Be4 Rc8 20.
Nc2 Bd5 21. Bxd5+ Qxd5 22. Ncxd4 c5 23. Ba3 exd4 24. Rc1 Rfe8 25. Qd2 h6
26. Bb2 Rc6 27. h3 Rce6 28. Rc2 d3 29. Qc3 Rg6 30. Rf2 b4 31. Qc1 Rge6 32.
Qf4 Re2 33. Qg3 Qd7 34. Bc1 Rxf2 35. Qxf2 Qd5 36. Qg3 Kh7 37. Bd2 Re2 38.
Qf4 Qe4 39. Qf8 Qd5 40. Qf4 Re4 41. Qc7 Re6 42. Kf2 Re2+ 43. Kg1 Qf5 44.
Qd8 Qg6 45. g4 Re8 46. Qd7 Qe4 47. Qf7 Re7 48. Qf8 Qe6 49. Kg2 Rc7 50. Kg3
Qd5 51. Qe8 Rf7 52. Ne5 Rf6 53. g5 hxg5 54. Bxg5 Rf1 55. Bf4 Rg1+ 56. Kh4
g5+ 57. Bxg5 Qe4+ 58. Kh5 Qe2+ 59. Kh4 Qe1+ 60. Kh5 Qe2+ 1/2-1/2

[Event "24th European Teams"]
[Site "Budva MNE"]
[Date "2023.11.11"]
[EventDate "2023.11.11"]
[Round "1.7"]
[Result "1-0"]
[White "Alexei Shirov"]
[Black "Paulius Pultinevicius"]
[WhiteElo "2668"]
[BlackElo "2589"]
[PlyCount "68"]

1. e4 c6 2. d4 d5 3. e5 Bf5 4. h4 h5 5. Bd3 Bxd3 6. Qxd3 Qa5+ 7. Nd2 e6 8.
Nf3 Nh6 9. O-O Nf5 10. Nb3 Qa6 11. Qd1 b6 12. a4 c5 13. a5 c4 14. axb6 Qxb6
15. Nbd2 Be7 16. b3 c3 17. Nb1 Nc6 18. Be3 Rc8 19. Nxc3 Nxh4 20. Nxh4 Bxh4
21. Ne2 Qb7 22. c4 Rd8 23. Nf4 dxc4 24. bxc4 Nxe5 25. Qa4+ Nd7 26. c5 Qe4
27. c6 Nb6 28. Qxa7 Nc8 29. Qc5 Be7 30. Qe5 Qh7 31. c7 Rd7 32. Ra8 O-O 33.
Nxe6 Re8 34. Qb5 1-0

[Event "24th European Teams"]
[Site "Budva MNE"]
[Date "2023.11.11"]
[EventDate "2023.11.11"]
[Round "1.7"]
[Result "0-1"]
[White "Rokas Klabis"]
[Black "Daniil Yuffa"]
[WhiteElo "2412"]
[BlackElo "2600"]
[PlyCount "90"]

1. e4 c5 2. Nf3 Nc6 3. Bb5 g6 4. Bxc6 bxc6 5. O-O Bg7 6. Re1 Nh6 7. h3 O-O
8. c3 f5 9. e5 Nf7 10. d4 cxd4 11. cxd4 Bb7 12. Na3 Rc8 13. Be3 e6 14. Nc4
f4 15. Bxf4 c5 16. Nfd2 cxd4 17. Rc1 Nh6 18. Bg3 Nf5 19. Ne4 Nxg3 20. fxg3
Bd5 21. Ned6 Rc6 22. Qd2 Qb8 23. b3 Bxe5 24. Rxe5 Bxc4 25. Nxc4 Rxc4 26.
Rxc4 Qxe5 27. Rxd4 d5 28. Kh2 Rf1 29. Qb4 g5 30. h4 Qe1 31. Qxe1 Rxe1 32.
hxg5 Kf7 33. Kh3 Kg6 34. Kh4 Rh1+ 35. Kg4 Rh5 36. Kf3 Rxg5 37. g4 Kf6 38.
Rf4+ Ke5 39. Rf7 Kd4 40. Rxa7 e5 41. a4 e4+ 42. Kf4 Re5 43. Rxh7 e3 44. Rh1
e2 45. Re1 Re8 0-1

[Event "24th European Teams"]
[Site "Budva MNE"]
[Date "2023.11.11"]
[EventDate "2023.11.11"]
[Round "1.8"]
[Result "0-1"]
[White "Ivan Schitco"]
[Black "Jules Moussard"]
[WhiteElo "2503"]
[BlackElo "2639"]
[PlyCount "88"]

1. c4 e5 2. Nc3 Bb4 3. Nd5 a5 4. Nf3 d6 5. a3 Bc5 6. e3 c6 7. Nc3 Ba7 8. d4
Nd7 9. Be2 Ngf6 10. g4 O-O 11. g5 Ne8 12. dxe5 Qe7 13. Qc2 Nxe5 14. Nxe5
dxe5 15. h4 f5 16. b4 Nc7 17. c5 Be6 18. Bb2 Rad8 19. Na4 Qf7 20. Rc1 f4
21. e4 f3 22. Bc4 Nb5 23. Bxe6 Qxe6 24. Qc4 Qxc4 25. Rxc4 axb4 26. axb4 Bb8
27. Nc3 Rf4 28. Nd1 Nd4 29. Bxd4 Rxe4+ 30. Kd2 Rdxd4+ 31. Rxd4 Rxd4+ 32.
Kc3 Kf7 33. Ne3 Ke6 34. Ra1 Rd8 35. b5 e4 36. Ra4 Be5+ 37. Kc2 Bd4 38. b6
Rd7 39. h5 Ke5 40. Nc4+ Kd5 41. Nd6 Bxf2 42. Nxe4 Bxc5 43. h6 f2 44. hxg7
Rxg7 0-1

[Event "24th European Teams"]
[Site "Budva MNE"]
[Date "2023.11.11"]
[EventDate "2023.11.11"]
[Round "1.8"]
[Result "1/2-1/2"]
[White "Laurent Fressinet"]
[Black "Andrei Macovei"]
[WhiteElo "2640"]
[BlackElo "2446"]
[PlyCount "78"]

1. d4 Nf6 2. Nf3 e6 3. c4 Bb4+ 4. Bd2 Bxd2+ 5. Qxd2 d5 6. g3 O-O 7. Bg2 c6
8. O-O dxc4 9. Ne5 b5 10. b3 cxb3 11. axb3 Bb7 12. Nc3 Nbd7 13. Rfd1 Qb6
14. b4 Rfd8 15. Qb2 h6 16. e3 Qc7 17. Rdc1 Nxe5 18. Nxb5 Qb6 19. dxe5 cxb5
20. Bxb7 Qxb7 21. exf6 g6 22. Qe2 Rd7 23. e4 Rad8 24. Qe3 Kh7 25. Qf4 g5
26. Qe5 Qb8 27. Qxb8 Rxb8 28. Rc5 Kg6 29. e5 g4 30. Kg2 h5 31. h3 Rd4 32.
Rxa7 Rxb4 33. Rcc7 Rf8 34. Rab7 Rb2 35. hxg4 hxg4 36. Rc5 Rd8 37. Rbxb5
Rxb5 38. Rxb5 Rd5 39. Rb4 1/2-1/2

[Event "24th European Teams"]
[Site "Budva MNE"]
[Date "2023.11.11"]
[EventDate "2023.11.11"]
[Round "1.8"]
[Result "0-1"]
[White "Viorel Iordachescu"]
[Black "Maxime Lagarde"]
[WhiteElo "2586"]
[BlackElo "2629"]
[PlyCount "86"]

1. Nf3 c5 2. c4 Nf6 3. Nc3 d5 4. cxd5 Nxd5 5. g3 Nc6 6. Bg2 Nxc3 7. bxc3 e5
8. O-O Be7 9. Rb1 O-O 10. d3 Qc7 11. Nd2 Rb8 12. Nc4 b5 13. Ne3 Be6 14. c4
a6 15. Nd5 Qd7 16. Bb2 Bd6 17. Qd2 Bh3 18. Bxh3 Qxh3 19. e4 f5 20. f3 bxc4
21. dxc4 fxe4 22. fxe4 Nd4 23. Bxd4 exd4 24. Rxf8+ Rxf8 25. Qg5 h6 26. Qg6
Qd7 27. Kg2 Be5 28. Rb2 Kh8 29. Qh5 Bd6 30. e5 Rf5 31. Qh3 Bf8 32. Kg1 Qf7
33. Nf4 Rxe5 34. Qc8 Re8 35. Rb7 Rxc8 36. Rxf7 Re8 37. Kf2 Bd6 38. Nd5 d3
39. Rf3 Re2+ 40. Kf1 Rxh2 41. Rxd3 Rxa2 42. g4 Be5 43. Ne7 Bf6 0-1

[Event "24th European Teams"]
[Site "Budva MNE"]
[Date "2023.11.11"]
[EventDate "2023.11.11"]
[Round "1.8"]
[Result "1/2-1/2"]
[White "Marc`andria Maurizzi"]
[Black "Jegor Lashkin"]
[WhiteElo "2572"]
[BlackElo "2457"]
[PlyCount "76"]

1. d4 Nf6 2. c4 e6 3. Nf3 d5 4. g3 dxc4 5. Bg2 c6 6. O-O b5 7. a4 Bb7 8.
Ne5 a6 9. b3 cxb3 10. Qxb3 Qxd4 11. Bb2 Qb6 12. Nd2 Be7 13. Ne4 Nxe4 14.
Bxe4 O-O 15. Qd3 h6 16. axb5 cxb5 17. Rac1 a5 18. Ng4 f5 19. Qc3 Bf6 20.
Nxf6+ Rxf6 21. Bxb7 Qxb7 22. Rfd1 Na6 23. Qxa5 Rff8 24. Rd6 Nc5 25. Qd2
Rac8 26. Qd1 Na4 27. Ba1 Rxc1 28. Qxc1 Rc8 29. Qe3 Qe4 30. Qxe4 fxe4 31.
Bd4 Nc3 32. Bxc3 Rxc3 33. Rxe6 Rc4 34. Rb6 b4 35. Kg2 Kf7 36. h4 Ke7 37.
Rg6 Kf7 38. Rb6 1/2-1/2

[Event "24th European Teams"]
[Site "Budva MNE"]
[Date "2023.11.11"]
[EventDate "2023.11.11"]
[Round "1.9"]
[Result "0-1"]
[White "Nico Georgiadis"]
[Black "Van Foreest, Jorden"]
[WhiteElo "2556"]
[BlackElo "2700"]
[PlyCount "78"]

1. e4 c6 2. Nf3 d5 3. Nc3 Bg4 4. h3 Bxf3 5. Qxf3 e6 6. d3 Nd7 7. Be2 g6 8.
h4 h6 9. h5 g5 10. d4 Bg7 11. Qd3 Qb6 12. Be3 Ne7 13. O-O-O f5 14. exf5
exf5 15. Kb1 O-O 16. g4 f4 17. Bc1 Rae8 18. b3 Qb4 19. Bf3 Nc8 20. a4 Nc5
21. dxc5 Qxc3 22. Qxc3 Bxc3 23. Bb2 Bxb2 24. Kxb2 b6 25. b4 Kf7 26. Rhe1
Rxe1 27. Rxe1 bxc5 28. bxc5 Ne7 29. Be2 Rb8+ 30. Kc3 a5 31. Rd1 Ng8 32. Bd3
Nf6 33. Bg6+ Kg7 34. f3 Nd7 35. Bd3 Kf6 36. Re1 Ne5 37. Be2 Rb4 38. Rd1
Rxa4 39. Rb1 d4+ 0-1

[Event "24th European Teams"]
[Site "Budva MNE"]
[Date "2023.11.11"]
[EventDate "2023.11.11"]
[Round "1.9"]
[Result "1-0"]
[White "Max Warmerdam"]
[Black "Sebastian Bogner"]
[WhiteElo "2638"]
[BlackElo "2536"]
[PlyCount "68"]

1. Nf3 d5 2. g3 g6 3. c4 dxc4 4. Na3 Bg7 5. Nxc4 c5 6. Bg2 Nc6 7. d3 Nh6 8.
Be3 Be6 9. O-O b6 10. Nfe5 Nxe5 11. Nxe5 Bxe5 12. Bxa8 Qxa8 13. Bxh6 Bxb2
14. Rb1 Bd4 15. e3 Bf6 16. d4 cxd4 17. exd4 g5 18. Rc1 Qb7 19. Qc2 Bh3 20.
f3 Bxf1 21. Rxf1 Bxd4+ 22. Kg2 Bc5 23. Bg7 Rg8 24. Qxh7 Rxg7 25. Qh8+ Kd7
26. Rd1+ Bd6 27. Qxg7 f6 28. Qg6 Qc6 29. Rd2 Kc7 30. h4 gxh4 31. gxh4 Qb5
32. Rc2+ Bc5 33. h5 Kd7 34. h6 1-0

[Event "24th European Teams"]
[Site "Budva MNE"]
[Date "2023.11.11"]
[EventDate "2023.11.11"]
[Round "1.9"]
[Result "1/2-1/2"]
[White "Yannick Pelletier"]
[Black "Liam Vrolijk"]
[WhiteElo "2505"]
[BlackElo "2569"]
[PlyCount "90"]

1. d4 Nf6 2. c4 e6 3. Nf3 d5 4. g3 Bb4+ 5. Bd2 Be7 6. Bg2 O-O 7. O-O Nbd7
8. Qc2 c6 9. Bg5 b6 10. Nbd2 h6 11. Bxf6 Nxf6 12. Ne5 Bb7 13. cxd5 cxd5 14.
Rfc1 Rc8 15. Qa4 a6 16. e3 Qd6 17. a3 Rc7 18. Bf1 Rfc8 19. Qd1 Nd7 20. f4
Nf6 21. Bd3 Ne4 22. Nb3 a5 23. Rxc7 Rxc7 24. Rc1 Rxc1 25. Qxc1 f6 26. Nf3
Qc6 27. Qxc6 Bxc6 28. Nbd2 b5 29. Nb1 Kf7 30. Kf1 Nd6 31. b3 Ne4 32. Ke2
Bd6 33. Ne1 b4 34. a4 Bc7 35. Nf3 Ke7 36. Nfd2 Nxd2 37. Nxd2 e5 38. fxe5
fxe5 39. dxe5 Bxe5 40. Nf3 Kd6 41. Nd4 Bd7 42. Kf3 Kc5 43. Bf5 Be8 44. Ne6+
Kd6 45. Nd4 Kc5 1/2-1/2

[Event "24th European Teams"]
[Site "Budva MNE"]
[Date "2023.11.11"]
[EventDate "2023.11.11"]
[Round "1.10"]
[Result "1-0"]
[White "Alexey Sarana"]
[Black "Hjorvar Steinn Gretarsson"]
[WhiteElo "2669"]
[BlackElo "2518"]
[PlyCount "146"]

1. d4 Nf6 2. c4 e6 3. Nf3 d5 4. Nc3 Be7 5. Bg5 h6 6. Bh4 O-O 7. e3 b6 8.
Qc2 Bb7 9. Bxf6 Bxf6 10. cxd5 exd5 11. Rd1 Nd7 12. g3 c5 13. Bg2 Re8 14.
O-O Rc8 15. h4 Nf8 16. Rd2 Ne6 17. Rfd1 b5 18. dxc5 Rxc5 19. Qb3 Bxc3 20.
bxc3 Qc8 21. Nd4 a6 22. Ne2 Rc4 23. Bxd5 Nc5 24. Qc2 Bxd5 25. Rxd5 Ne4 26.
R1d4 Rxd4 27. Nxd4 Qb7 28. Rf5 Rc8 29. Ne2 b4 30. c4 Nd6 31. Rf4 Qc7 32.
Qb3 a5 33. Nd4 Qxc4 34. Qa4 Qc1+ 35. Kg2 Qc7 36. Kh2 Rd8 37. Nc6 Rc8 38.
Nxa5 Ra8 39. Qc6 Qxa5 40. Qxd6 Qxa2 41. Qxb4 Rc8 42. Qb5 Rd8 43. h5 Qa7 44.
Re4 Qa8 45. Qf5 Rd1 46. Qf3 Rf1 47. Rf4 Qa2 48. Kg2 Rb1 49. Rxf7 Qxf7 50.
Qa8+ Kh7 51. Qe4+ Kh8 52. Qxb1 Qxh5 53. Qd3 Qe8 54. Qd5 g6 55. Qd4+ Kg8 56.
Qf6 Qe4+ 57. Kh2 Qc2 58. Kh3 Qb1 59. Qe6+ Kg7 60. Qe7+ Kg8 61. Kg2 h5 62.
e4 Qd3 63. Qe6+ Kg7 64. Qe5+ Kh7 65. Qd5 Qe2 66. Qf7+ Kh6 67. Qf3 Qb2 68.
Qf8+ Kh7 69. Qe7+ Kg8 70. e5 Qc2 71. Qe6+ Kh7 72. Qf7+ Kh6 73. e6 1-0